Loading...
Science - Physics | 0 | 4 | 0 | 0 | 40 | 41 | 84.25 | 1 | 2 |
Science - Chemistry | 0 | 3 | 1 | 2 | 25 | 71 | 80.33 | 0 | 0 |
Fine Arts - Other Fine Arts | 0 | 2 | 0 | 2 | 20 | 114 | 119.00 | 0 | 0 |
History - Other History | 0 | 2 | 1 | 1 | 15 | 94 | 101.00 | 0 | 1 |
Pop Culture | 0 | 1 | 0 | 1 | 10 | 114 | 114.00 | 0 | 0 |
Mythology | 0 | 2 | 2 | 1 | 10 | 90 | 103.00 | 0 | 0 |
Fine Arts - Classical Music | 0 | 1 | 0 | 0 | 10 | 98 | 98.00 | 0 | 0 |
History - European History | 0 | 2 | 2 | 1 | 10 | 88 | 99.00 | 0 | 0 |
History - World History | 0 | 1 | 0 | 0 | 10 | 98 | 98.00 | 0 | 0 |
Social Science | 0 | 1 | 1 | 0 | 5 | 97 | 97.00 | 0 | 0 |
History - American History | 0 | 2 | 3 | 1 | 5 | 67 | 87.00 | 0 | 0 |
Science - Biology | 0 | 1 | 1 | 0 | 5 | 25 | 25.00 | 1 | 1 |
Science - Other Science | 0 | 1 | 1 | 0 | 5 | 72 | 72.00 | 0 | 0 |
Current Events | 0 | 0 | 1 | 0 | -5 | 0.00 | 0 | 0 | |
Literature - World Literature | 0 | 0 | 1 | 0 | -5 | 0.00 | 0 | 0 | |
Religion | 0 | 0 | 1 | 0 | -5 | 0.00 | 0 | 0 |